[Event "Rowy op 08"]
[Site "Rowy"]
[Date "2012.08.24"]
[Round "8"]
[White "Przewoznik, Emil"]
[Black "Jaworski, Andrzej"]
[Result "1/2-1/2"]
[WhiteElo "1957"]
[BlackElo "2004"]
[PlyCount "28"]
[EventDate "2012.08.18"]
[EventType "swiss"]
[EventRounds "9"]
[EventCountry "POL"]
[SourceTitle "EXT 2014"]
[Source "ChessBase"]
[SourceDate "2013.11.20"]
[SourceVersion "1"]
[SourceVersionDate "2013.11.20"]
[SourceQuality "1"]

1. d4 d5 2. Nf3 Nf6 3. c4 Bf5 4. Nc3 e6 5. Bg5 Be7 6. e3 0-0 7. Bd3 Ne4 8. Bxe7 Qxe7 9. cxd5 Nxc3 10. bxc3 Bxd3 11. Qxd3 exd5 12. 0-0 Nd7 13. a4 Nb6 14. Nd2 f5 1/2-1/2

[Event "Rowy op 08"]
[Site "Rowy"]
[Date "2012.08.23"]
[Round "7"]
[White "Myszka, Zygmunt"]
[Black "Jaworski, Andrzej"]
[Result "1/2-1/2"]
[WhiteElo "1944"]
[BlackElo "2004"]
[PlyCount "61"]
[EventDate "2012.08.18"]
[EventType "swiss"]
[EventRounds "9"]
[EventCountry "POL"]
[SourceTitle "EXT 2014"]
[Source "ChessBase"]
[SourceDate "2013.11.20"]
[SourceVersion "1"]
[SourceVersionDate "2013.11.20"]
[SourceQuality "1"]

1. e4 e5 2. Nf3 Nc6 3. d4 exd4 4. Nxd4 Qf6 5. c3 Bc5 6. Be3 Qh4 7. Nd2 d6 8. Bd3 Ne5 9. Be2 Bg4 10. 0-0 Bxe2 11. Qxe2 Nf6 12. Nf5 Qg4 13. Qxg4 Nfxg4 14. Bxc5 dxc5 15. Nxg7+ Kf8 16. Nf5 Nd3 17. h3 Nge5 18. b3 Rg8 19. Kh2 Rd8 20. Ne3 Nf4 21. Rad1 Rd6 22. g3 Ne2 23. Nb1 Nf3+ 24. Kh1 Rgg6 25. Rxd6 Rxd6 26. Rd1 Rxd1+ 27. Nxd1 Ng5 28. Kg2 Nc1 29. Nd2 Nxa2 30. f4 Ne6 31. Kf3 1/2-1/2

[Event "Warsaw YMCA Spring-A 89th"]
[Site "Warsaw"]
[Date "2011.06.10"]
[Round "11"]
[White "Jaworski, Andrzej"]
[Black "Jarmula, Pawel"]
[Result "0-1"]
[WhiteElo "2040"]
[BlackElo "2031"]
[PlyCount "68"]
[EventDate "2011.03.29"]
[EventType "tourn"]
[EventRounds "13"]
[EventCountry "POL"]
[SourceTitle "EXT 2019"]
[Source "ChessBase"]
[SourceDate "2018.10.10"]
[SourceVersion "1"]
[SourceVersionDate "2018.10.10"]
[SourceQuality "1"]

1. e4 c5 2. Nc3 Nc6 3. Nf3 e6 4. d3 a6 5. a4 d6 6. Bg5 Be7 7. Bxe7 Ngxe7 8. Be2 Qb6 9. b3 0-0 10. 0-0 Bd7 11. Qd2 Nd4 12. Bd1 Qc7 13. Nxd4 cxd4 14. Ne2 e5 15. f4 f6 16. h3 d5 17. Ng3 Rac8 18. Rc1 dxe4 19. Nxe4 Nd5 20. fxe5 Qxe5 21. Re1 Ne3 22. c4 f5 23. Ng5 Bc6 24. Qf2 f4 25. Nf3 Qc5 26. Be2 Rf6 27. Bf1 Rcf8 28. Kh1 Rg6 29. Re2 a5 30. Rb1 Rg3 31. Kh2 Rf6 32. Ne1 Qh5 33. b4 axb4 34. Rxb4 Ng4+ 0-1

[Event "Warsaw YMCA Spring-A 89th"]
[Site "Warsaw"]
[Date "2011.04.29"]
[Round "5"]
[White "Liberadzki, Slawomir"]
[Black "Jaworski, Andrzej"]
[Result "1-0"]
[WhiteElo "2013"]
[BlackElo "2040"]
[PlyCount "51"]
[EventDate "2011.03.29"]
[EventType "tourn"]
[EventRounds "13"]
[EventCountry "POL"]
[SourceTitle "EXT 2019"]
[Source "ChessBase"]
[SourceDate "2018.10.10"]
[SourceVersion "1"]
[SourceVersionDate "2018.10.10"]
[SourceQuality "1"]

1. e4 c5 2. Nf3 Nc6 3. c3 g6 4. d4 cxd4 5. cxd4 Bg7 6. Nc3 d6 7. Bc4 e6 8. 0-0 Nge7 9. Bf4 0-0 10. Bb3 Na5 11. Nb5 Nxb3 12. Qxb3 d5 13. e5 h6 14. Rac1 b6 15. Qa3 a5 16. Nc7 Rb8 17. Rc2 Nf5 18. g4 Nh4 19. Rfc1 Nxf3+ 20. Qxf3 f5 21. Qg3 g5 22. Bd2 Qd7 23. b4 Qf7 24. Nb5 Qd7 25. Nd6 Ba6 26. b5 1-0

[Event "Warsaw YMCA Spring-A 89th"]
[Site "Warsaw"]
[Date "2011.04.20"]
[Round "3"]
[White "Zurkowski, Andrzej"]
[Black "Jaworski, Andrzej"]
[Result "1-0"]
[WhiteElo "2135"]
[BlackElo "2040"]
[PlyCount "67"]
[EventDate "2011.03.29"]
[EventType "tourn"]
[EventRounds "13"]
[EventCountry "POL"]
[SourceTitle "EXT 2019"]
[Source "ChessBase"]
[SourceDate "2018.10.10"]
[SourceVersion "1"]
[SourceVersionDate "2018.10.10"]
[SourceQuality "1"]

1. d4 d5 2. Nf3 Nf6 3. b3 e6 4. e3 g6 5. Bd3 Bg7 6. Ba3 Bd7 7. Nbd2 Nc6 8. 0-0 Ne7 9. c4 0-0 10. Rc1 Re8 11. Ne5 Nc6 12. f4 a6 13. g4 Bc8 14. Qe2 dxc4 15. bxc4 Ne7 16. Rf3 b6 17. Rh3 Bb7 18. g5 Nd7 19. Qg4 c5 20. Nxd7 Qxd7 21. Qh4 Rac8 22. Qxh7+ Kf8 23. Be4 Ng8 24. dxc5 bxc5 25. Bxb7 Qxb7 26. Nb3 Qb6 27. Rd1 a5 28. Rd7 a4 29. Bb2 e5 30. fxe5 Qe6 31. Rd6 Qe7 32. Rf3 Qxg5+ 33. Kf2 Rxe5 34. Rxg6 1-0

[Event "Warsaw YMCA Spring-A 89th"]
[Site "Warsaw"]
[Date "2011.04.08"]
[Round "2"]
[White "Jaworski, Andrzej"]
[Black "Szymczak, Rafal"]
[Result "1/2-1/2"]
[WhiteElo "2040"]
[BlackElo "2089"]
[PlyCount "42"]
[EventDate "2011.03.29"]
[EventType "tourn"]
[EventRounds "13"]
[EventCountry "POL"]
[SourceTitle "EXT 2019"]
[Source "ChessBase"]
[SourceDate "2018.10.10"]
[SourceVersion "1"]
[SourceVersionDate "2018.10.10"]
[SourceQuality "1"]

1. e4 c6 2. d4 d5 3. Bd3 dxe4 4. Bxe4 Nf6 5. Bf3 Bf5 6. Ne2 Be4 7. Bxe4 Nxe4 8. Qd3 Nf6 9. 0-0 e6 10. Nbc3 Be7 11. Bf4 Nbd7 12. Rad1 0-0 13. Ne4 Nxe4 14. Qxe4 Nf6 15. Qd3 Qa5 16. a3 Rfd8 17. c3 Bd6 18. Qc2 Bxf4 19. Nxf4 c5 20. Ne2 Rac8 21. h3 h6 1/2-1/2

[Event "Mazowiec-chT op 0910"]
[Site "Mazowsze"]
[Date "2010.02.21"]
[Round "7.9"]
[White "Szymanski, Andrzej1111"]
[Black "Jaworski, Andrzej"]
[Result "1-0"]
[WhiteElo "2217"]
[BlackElo "2056"]
[PlyCount "81"]
[EventDate "2009.11.29"]
[EventType "team-tourn"]
[EventRounds "10"]
[EventCountry "POL"]
[SourceTitle "EXT 2011"]
[Source "ChessBase"]
[SourceDate "2010.11.26"]
[SourceVersion "1"]
[SourceVersionDate "2010.11.26"]
[SourceQuality "1"]

1. e4 c5 2. Nf3 a6 3. c3 Nf6 4. e5 Nd5 5. d4 cxd4 6. Bc4 Nb6 7. Bb3 e6 8. cxd4 d5 9. Nc3 Be7 10. Qd3 Nc6 11. a3 Bd7 12. 0-0 Rc8 13. Bc2 h6 14. Ne1 Qc7 15. Qg3 Nxd4 16. Qxg7 Rf8 17. Bxh6 Nxc2 18. Nxc2 Nc4 19. Ne3 Nxe5 20. Ncxd5 exd5 21. Nxd5 Qd6 22. Rfe1 f6 23. Rad1 Qe6 24. Qxe7+ Qxe7 25. Nxe7 Kxe7 26. Bxf8+ Kxf8 27. f4 Bg4 28. Rc1 Rxc1 29. Rxc1 Nd3 30. Rc7 Nxb2 31. Rxb7 Nc4 32. a4 Bd1 33. Rb4 Be2 34. Kf2 Bd3 35. g4 Kg7 36. h4 a5 37. Rb7+ Kg6 38. Rc7 Nb2 39. Kg3 Nxa4 40. h5+ Kh6 41. Kh4 1-0

[Event "Mazowiec-chT op 0910"]
[Site "Mazowsze"]
[Date "2010.01.31"]
[Round "5.17"]
[White "Kozek, Wojciech"]
[Black "Jaworski, Andrzej"]
[Result "1/2-1/2"]
[WhiteElo "1869"]
[BlackElo "2056"]
[PlyCount "51"]
[EventDate "2009.11.29"]
[EventType "team-tourn"]
[EventRounds "10"]
[EventCountry "POL"]
[SourceTitle "EXT 2011"]
[Source "ChessBase"]
[SourceDate "2010.11.26"]
[SourceVersion "1"]
[SourceVersionDate "2010.11.26"]
[SourceQuality "1"]

1. d4 c5 2. d5 d6 3. c4 e5 4. Nc3 f5 5. e4 Nf6 6. Bd3 f4 7. Nf3 Be7 8. g3 fxg3 9. hxg3 Bg4 10. Be2 Bxf3 11. Bxf3 a6 12. Bg5 Qa5 13. Bxf6 Bxf6 14. Bh5+ Kd8 15. Qg4 Qb4 16. 0-0 Nd7 17. Qe6 Kc7 18. Be2 Rae8 19. Qg4 g6 20. Rfc1 Rhg8 21. a3 Qxb2 22. Rab1 Qd2 23. Rxb7+ Kxb7 24. Qxd7+ Ka8 25. Qc6+ Ka7 26. Qc7+ 1/2-1/2

[Event "Mazowiec-chT op"]
[Site "Mazowsze"]
[Date "2009.05.17"]
[Round "10"]
[White "Jaworski, Andrzej"]
[Black "Kurpiewski, Slawomir"]
[Result "0-1"]
[WhiteElo "2056"]
[BlackElo "2212"]
[PlyCount "110"]
[EventDate "2009.01.11"]
[EventType "team-tourn"]
[EventRounds "10"]
[EventCountry "POL"]
[SourceTitle "EXT 2013"]
[Source "ChessBase"]
[SourceDate "2012.11.22"]
[SourceVersion "1"]
[SourceVersionDate "2012.11.22"]
[SourceQuality "1"]

1. e4 e5 2. Bc4 Nf6 3. Nc3 Nc6 4. d3 Bc5 5. Nf3 d6 6. h3 h6 7. 0-0 Be6 8. Bb3 Qd7 9. Bxe6 fxe6 10. Na4 Bb6 11. Nxb6 axb6 12. Qe2 Qf7 13. c3 0-0 14. Nh2 Nh5 15. g3 Qg6 16. Qg4 Ne7 17. Kg2 Qf7 18. Be3 Ng6 19. Kg1 Nf6 20. Qe2 Kh7 21. a4 d5 22. f3 Nh5 23. Kg2 Qd7 24. Qc2 Rf7 25. b3 Raf8 26. Rad1 d4 27. Bc1 c5 28. Ng4 Nf6 29. c4 Ng8 30. h4 h5 31. Nh2 N6e7 32. Bg5 Nc6 33. Rf2 g6 34. Bd2 Nf6 35. Ra1 Kh8 36. Rff1 Nh7 37. Qc1 Na5 38. Rb1 Nc6 39. Ra1 Qd8 40. b4 Rg8 41. bxc5 bxc5 42. Bg5 Nxg5 43. Qxg5 Qxg5 44. hxg5 Nb4 45. Rfb1 Ra8 46. Ra3 b6 47. a5 Rxa5 48. Rxa5 bxa5 49. Ra1 Ra7 50. Ra3 a4 51. f4 Nc2 52. Ra2 Ne1+ 53. Kf2 Nxd3+ 54. Kf3 a3 55. Nf1 Nb4 0-1

[Event "Mazowiec-chT op"]
[Site "Mazowsze"]
[Date "2009.03.30"]
[Round "6"]
[White "Parczewski, Janusz"]
[Black "Jaworski, Andrzej"]
[Result "0-1"]
[WhiteElo "2023"]
[BlackElo "2056"]
[PlyCount "90"]
[EventDate "2009.01.11"]
[EventType "team-tourn"]
[EventRounds "10"]
[EventCountry "POL"]
[SourceTitle "EXT 2013"]
[Source "ChessBase"]
[SourceDate "2012.11.22"]
[SourceVersion "1"]
[SourceVersionDate "2012.11.22"]
[SourceQuality "1"]

1. d4 d5 2. c4 e6 3. Nc3 Nf6 4. Bg5 Be7 5. e3 c6 6. Nf3 Nbd7 7. Rc1 h6 8. Bh4 0-0 9. Bd3 dxc4 10. Bxc4 Nd5 11. Bxe7 Qxe7 12. 0-0 Nxc3 13. Rxc3 e5 14. dxe5 Nxe5 15. Nxe5 Qxe5 16. f4 Qf6 17. f5 b5 18. Bb3 b4 19. Rc5 Ba6 20. Rf2 Rad8 21. Qg4 Rfe8 22. Qxb4 Qd6 23. h3 Rxe3 24. Qa5 Bb5 25. Rc1 Rde8 26. f6 gxf6 27. Rd1 Qc5 28. Qd2 Kg7 29. Rc1 Qe5 30. Qd7 Re7 31. Qg4+ Qg5 32. Rf4 Rg3 33. Qxg5+ fxg5 34. Rf2 Rge3 35. Rc3 Rxc3 36. bxc3 Bd3 37. Rd2 Be4 38. Rd6 f5 39. Kf2 f4 40. Bc4 Rb7 41. Bd3 Rb2+ 42. Be2 Rxa2 43. Rd7+ Kf6 44. Rd6+ Ke5 45. Rxh6 Bd3 0-1

[Event "Mazowiec-chT op"]
[Site "Mazowsze"]
[Date "2009.03.15"]
[Round "5"]
[White "Dobrowolski, Marcin"]
[Black "Jaworski, Andrzej"]
[Result "0-1"]
[WhiteElo "1948"]
[BlackElo "2056"]
[PlyCount "56"]
[EventDate "2009.01.11"]
[EventType "team-tourn"]
[EventRounds "10"]
[EventCountry "POL"]
[SourceTitle "EXT 2013"]
[Source "ChessBase"]
[SourceDate "2012.11.22"]
[SourceVersion "1"]
[SourceVersionDate "2012.11.22"]
[SourceQuality "1"]

1. b3 d5 2. Bb2 Bf5 3. e3 e6 4. Nf3 Nf6 5. Be2 Bd6 6. c4 c6 7. d4 Bxb1 8. Qxb1 Bb4+ 9. Kf1 Nbd7 10. a3 Bd6 11. c5 Bc7 12. Bd3 Qe7 13. b4 e5 14. dxe5 Nxe5 15. Nd4 0-0 16. h4 g6 17. Qc2 h5 18. Rd1 Nxd3 19. Qxd3 Ne4 20. Nf3 a5 21. Ke2 axb4 22. axb4 Qe6 23. g4 Ra2 24. Qb3 Rfa8 25. Rb1 Qxg4 26. Rhg1 Qxf3+ 27. Kxf3 Nd2+ 28. Kg2 Nxb3 0-1

[Event "Mazowiec-chT 0708"]
[Site "Poland"]
[Date "2008.02.03"]
[Round "9"]
[White "Jaworski, Andrzej"]
[Black "Szymanski, Andrzej1111"]
[Result "0-1"]
[WhiteElo "2048"]
[BlackElo "2242"]
[PlyCount "44"]
[EventDate "2007.10.14"]
[EventType "team-tourn"]
[EventRounds "10"]
[EventCountry "POL"]
[SourceTitle "EXT 2010"]
[Source "ChessBase"]
[SourceDate "2010.11.25"]
[SourceVersion "1"]
[SourceVersionDate "2010.11.25"]
[SourceQuality "1"]

1. e4 c5 2. Nf3 d6 3. d4 cxd4 4. Nxd4 Nf6 5. Nc3 a6 6. Be2 e5 7. Nb3 Be7 8. Be3 Be6 9. Qd2 0-0 10. Rd1 Nbd7 11. 0-0 Rc8 12. h3 Qc7 13. f4 Rfd8 14. f5 Bc4 15. g4 b5 16. a3 h6 17. Rf2 d5 18. exd5 Nb6 19. Qc1 Nbxd5 20. Nxd5 Nxd5 21. Rxd5 Rxd5 22. Qe1 Bh4 0-1

[Event "Warsaw YMCA Autumn 28th"]
[Site "Warsaw"]
[Date "2006.11.16"]
[Round "2"]
[White "Jaworski, Andrzej"]
[Black "Delega, Tomasz"]
[Result "0-1"]
[WhiteElo "2069"]
[BlackElo "2116"]
[PlyCount "78"]
[EventDate "2006.09.27"]
[EventType "tourn"]
[EventRounds "11"]
[EventCountry "POL"]
[SourceTitle "EXT 2011"]
[Source "ChessBase"]
[SourceDate "2010.11.26"]
[SourceVersion "1"]
[SourceVersionDate "2010.11.26"]
[SourceQuality "1"]

1. e4 Nf6 2. e5 Nd5 3. Bc4 e6 4. Bxd5 exd5 5. d4 d6 6. Bf4 Nc6 7. Nf3 Bg4 8. c3 dxe5 9. dxe5 Be7 10. 0-0 0-0 11. h3 Be6 12. Qd3 Qd7 13. Nbd2 Bf5 14. Qe3 f6 15. Rfe1 fxe5 16. Nxe5 Nxe5 17. Bxe5 Rf7 18. Qg3 Bc5 19. Nb3 Bb6 20. Bd4 Raf8 21. Re2 Qb5 22. Rae1 c5 23. Be3 Bc7 24. Qh4 b6 25. Rd2 Qc6 26. Red1 Be6 27. Re1 Qd6 28. f4 h6 29. g3 Bc8 30. Nc1 Bb7 31. Rf1 Qc6 32. Nd3 d4 33. cxd4 cxd4 34. Bxd4 Qh1+ 35. Kf2 Qg2+ 36. Ke1 Re8+ 37. Ne5 Qe4+ 38. Kd1 Qb1+ 39. Ke2 Ba6+ 0-1

[Event "Warsaw YMCA Autumn 28th"]
[Site "Warsaw"]
[Date "2006.09.27"]
[Round "1"]
[White "Pekacki, Stanislaw"]
[Black "Jaworski, Andrzej"]
[Result "1-0"]
[WhiteElo "2124"]
[BlackElo "2069"]
[PlyCount "79"]
[EventDate "2006.09.27"]
[EventType "tourn"]
[EventRounds "11"]
[EventCountry "POL"]
[SourceTitle "EXT 2011"]
[Source "ChessBase"]
[SourceDate "2010.11.26"]
[SourceVersion "1"]
[SourceVersionDate "2010.11.26"]
[SourceQuality "1"]

1. e4 c5 2. Nf3 a6 3. d3 Nc6 4. g3 d6 5. Bg2 e5 6. 0-0 Be7 7. Nbd2 Be6 8. Re1 g5 9. Nf1 h5 10. Be3 f6 11. c3 d5 12. exd5 Bxd5 13. d4 cxd4 14. cxd4 e4 15. N3d2 f5 16. f3 f4 17. gxf4 exf3 18. Nxf3 g4 19. Ne5 Bxg2 20. Kxg2 Qd5+ 21. Kg1 Nh6 22. Nxc6 bxc6 23. Qb3 Qxb3 24. axb3 Kd7 25. Nd2 Nf5 26. Nc4 Rhb8 27. Bf2 Rxb3 28. Ra5 Nh4 29. Rxe7+ Kxe7 30. Bxh4+ Kd7 31. Rxh5 Rb4 32. Rc5 Rb5 33. Be1 Rxc5 34. dxc5 Ke6 35. Ne3 a5 36. Bc3 a4 37. f5+ Ke7 38. Nxg4 Rg8 39. h3 Rg5 40. Bf6+ 1-0

[Event "Mazowieckie-chT 0506"]
[Site "Poland"]
[Date "2005.12.11"]
[Round "6"]
[White "Kopczynski, Krzysztof"]
[Black "Jaworski, Andrzej"]
[Result "0-1"]
[WhiteElo "2036"]
[BlackElo "2000"]
[PlyCount "106"]
[EventDate "2005.10.09"]
[EventType "team-tourn"]
[EventRounds "9"]
[EventCountry "POL"]
[SourceTitle "EXT 2019"]
[Source "ChessBase"]
[SourceDate "2018.10.10"]
[SourceVersion "1"]
[SourceVersionDate "2018.10.10"]
[SourceQuality "1"]

1. e4 c5 2. Nf3 a6 3. c3 d5 4. exd5 Qxd5 5. d4 Bg4 6. Be2 cxd4 7. cxd4 e6 8. Nc3 Qd8 9. d5 Nf6 10. Bg5 Nbd7 11. 0-0 h6 12. Bh4 Bc5 13. Ne4 0-0 14. Bxf6 gxf6 15. dxe6 Bxe6 16. Qc1 Qb6 17. Qxh6 Qxb2 18. Bd3 f5 19. Ng3 Bxf2+ 20. Kh1 Bxg3 21. hxg3 Qg7 22. Qxg7+ Kxg7 23. Nd4 Nc5 24. Bxf5 Rad8 25. Rf4 Rxd4 26. Rxd4 Bxf5 27. g4 Be6 28. Rc1 Rc8 29. Rc2 Kf6 30. Kg1 Ke5 31. Rd1 Bxg4 32. Rdc1 b6 33. a4 a5 34. Rc4 Be6 35. Rh4 Kd6 36. Rd4+ Kc6 37. Kf2 b5 38. axb5+ Kxb5 39. Rb1+ Bb3 40. Rd5 a4 41. Rf5 Rc7 42. Ke3 Kb4 43. Kd2 Rd7+ 44. Ke3 Nd3 45. Rf6 Ne5 46. Rf4+ Nc4+ 47. Ke2 a3 48. Rf3 Nb2 49. Rf4+ Bc4+ 50. Ke1 Rd1+ 51. Rxd1 Nxd1 52. Kxd1 a2 53. Kc2 a1Q 0-1